| 000 | 014210000a22003250004500 | ||
|---|---|---|---|
| 003 | EG-GICUC | ||
| 005 | 20250223025119.0 | ||
| 008 | 080110s2001 ua d f m 000 0 eng d | ||
| 040 |
_aEG-GICUC _beng _cEG-GICUC |
||
| 041 | 0 | _aEng | |
| 049 | _aDeposite | ||
| 097 | _aPh.D | ||
| 099 | _aCai01.13.05.Ph.D.2001.Ha.T | ||
| 100 | 0 | _aHassan Mohamed Elhady Fahmy | |
| 245 | 1 | 0 |
_a3D - nonlinear finite element evaluation of the control mechanism for mechanically stbilized embankment / _cHassan Mohamed Elhady Fahmy ; Supervised Abdelsalam M.Salem , Ashraf A.Elsahal , Mohamed A.Elkholy |
| 246 | 1 | 5 | _aتقييم اداء الجسور الترابية المتزنة ميكانيكيا باستخدام طريقة العناصر المحددة ثلاثية الابعاد غير الخطية |
| 260 |
_aCairo : _bHassan Mohamed Elhady Fahmy , _c2001 |
||
| 300 |
_a195P. : _bcharts ; _c30cm |
||
| 502 | _aThesis (Ph.D.) - Cairo University - Faculty Of Engineering - Department Of Civil Engineering | ||
| 653 | 4 | _a3D - nonlinear finite element | |
| 653 | 4 | _aControl mechanism | |
| 653 | 4 | _aMechanically stbilized embankment | |
| 700 | 0 |
_aAbdelsalam Mohamed Salem , _eSupervisor |
|
| 700 | 0 |
_aAshraf Abdelhae Elsahal , _eSupervisor |
|
| 700 | 0 |
_aMohamed Abdallah Elkholy , _eSupervisor |
|
| 856 | _uhttp://172.23.153.220/th.pdf | ||
| 905 |
_aEsam _eRevisor |
||
| 905 |
_aNazla _eCataloger |
||
| 942 |
_2ddc _cTH |
||
| 999 |
_c5949 _d5949 |
||